01182nam a22003137a 450000500170000000800410001701000100005801100100006802200140007803500100009209000180010211000450012024501840016526000750034930000300042459000410045459000410049559000410053659000410057759000420061865000320066065000310069265000420072365000260076579000290079190100070082090500240082799900170085120220817043749.0010312d2000 lk a r 00110 eng d a83738 a84710 a1017-5954 a95236 aFolleto 161301 aInternational Water Management Institute10aWater for food, nature and rural livelihoods :bscientific thinking and results. People behind the research. Publications and outputsc/by International Water Management Institute aColombo, Sri Lanka :bInternational Water Management Institute,c2000. a68 p. :bilus. ; gráfs. aBATCH-UPDb10c20130110lUCH01h1317 aBATCH-UPDb10c20130410lUCH01h0828 aBATCH-UPDb10c20130914lUCH01h0306 aBATCH-UPDb10c20141001lUCH01h1312 aCONVERSIONb10c20130109lUCH01h134714aAguaxAbastecimiento.9222314aAguaxUtilización.9240114aIrrigaciónxInvestigación.96042514aRecursos hidraulicos. aAnnual report 1999-2000. aBK aPatricia Mendoza P. c83738d83738